|
|
|
|
| LEADER |
00986naa a2200217 i 4500 |
| 001 |
acta84127 |
| 005 |
20240319080354.0 |
| 008 |
240319s2023 hu o 1|| eng d |
| 020 |
|
|
|a 978-963-306-924-0
|
| 040 |
|
|
|a SZTE Egyetemi Kiadványok Repozitórium
|b hun
|
| 041 |
|
|
|a eng
|
| 100 |
1 |
|
|a Széles Zsuzsanna
|
| 245 |
1 |
0 |
|a Green lending in the agriculture
|h [elektronikus dokumentum] :
|b [abstract] /
|c Széles Zsuzsanna
|
| 260 |
|
|
|a Szegedi Tudományegyetem Mezőgazdasági Kar
|b Hódmezővásárhely
|c 2023
|
| 300 |
|
|
|a 6
|
| 490 |
0 |
|
|a Wellmann International Scientific Conference
|v 20
|
| 650 |
|
4 |
|a Társadalomtudományok
|
| 650 |
|
4 |
|a Közgazdasági és gazdálkodástudományok
|
| 695 |
|
|
|a Hitel - mezőgazdasági - kutatás - előadáskivonat, Környezetvédelem - előadáskivonat
|
| 711 |
|
|
|a 20th Wellmann International Scientific Conference
|c Hódmezővásárhely
|d 2023. április 3.
|
| 856 |
4 |
0 |
|u http://acta.bibl.u-szeged.hu/84127/1/wellmann_abstracts_2023_006.pdf
|z Dokumentum-elérés
|